Statistiques concernant Pub Royal - Titre des chanson de l'album des Cowboys Fringants

Cliquez ici pour prendre le quiz!

Statistiques générales

  • Ce quiz a été pris 5 fois
  • Le résultat moyen est 5 sur 13

Statistiques - réponses

n.Titre% Correct
2Bienvenue chez nous
67%
5La fin du show
67%
3Loulou vs Loulou
67%
8Vie et mort de Gina Pinard
67%
1Des espoirs de cause
33%
13Les bonnes continuations
33%
11Les cheveux blancs
33%
12Merci ben !
33%
6On fait quoi maintenant ?
33%
10(re)Bienvenue chez vous
33%
9Loulou (partie II)
0%
7Question sans réponses
0%
4Y'est 3 heures on ferme !
0%

Distribution des résultats

Percentile par nombre de réponses

% des personnes avec chaque résultat

Votre développement - résultats

Vous n’avez pas pris ce quiz